=LDR 00000nam 2200000 4500 =001 NUTBA000000000002135 =005 20140605085511.0 =006 =007 =008 =020 ##$$a 978-602-98189-5-6 =035 ##$$0010-061400000000078 =040 ##$$a NBPDMAT =082 ##$$a 633.7 =090 ##$$a 633.7 $b Rag t =100 ##$$a Lagita Manastas =245 ##$$a Teknik budi daya tanaman kopi / $c Lagita Manastas =250 ##$$a Cet.11 =260 ##$$a Jogyakarta : $b Trans Idea Publishing, $c 2013 =300 ##$$a 92 hlm. : $b ilus. ; $c 21 cm. =500 ##$$a Bibliografi : hlm. 85 88 =650 ##$$a Kopi - Budi Daya =850 ##$$a NBPDMAT =990 ##$$a 21400272 =990 ##$$a 0217/BPAP-NTB/2016 =990 ##$$a 0217/BPAP-NTB/2016 =990 ##$$a 21400272 =990 ##$$a 21400273 =990 ##$$a 21400274 =990 ##$$a 21400275 =990 ##$$a 21400276